Strength-centered counseling (Record no. 481329)

MARC details
000 -LEADER
fixed length control field 01899cam a2200373 a 4500
001 - CONTROL NUMBER
control field EDZ0000104787
003 - CONTROL NUMBER IDENTIFIER
control field StDuBDS
005 - DATE AND TIME OF LATEST TRANSACTION
control field 20161031105205.0
006 - FIXED-LENGTH DATA ELEMENTS--ADDITIONAL MATERIAL CHARACTERISTICS--GENERAL INFORMATION
fixed length control field m||||||||d||||||||
007 - PHYSICAL DESCRIPTION FIXED FIELD--GENERAL INFORMATION
fixed length control field cr |||||||||||
008 - FIXED-LENGTH DATA ELEMENTS--GENERAL INFORMATION
fixed length control field 121017s2011 caua fo| 001|0|eng d
020 ## - INTERNATIONAL STANDARD BOOK NUMBER
International Standard Book Number 9781452275208 (ebook) :
Terms of availability No price
040 ## - CATALOGING SOURCE
Original cataloging agency StDuBDS
Language of cataloging eng
Transcribing agency StDuBDS
Description conventions pn
049 ## - LOCAL HOLDINGS (OCLC)
Holding library Alfaisal Main Library
050 #0 - LIBRARY OF CONGRESS CALL NUMBER
Classification number BF636.7.H86
Item number W37 2011
082 04 - DEWEY DECIMAL CLASSIFICATION NUMBER
Classification number 158.3
Edition number 23
100 1# - MAIN ENTRY--PERSONAL NAME
Personal name Ward, Colin C.
245 10 - TITLE STATEMENT
Title Strength-centered counseling
Medium [electronic resource] :
Remainder of title integrating postmodern approaches and skills with practice /
Statement of responsibility, etc Colin C. Ward, Teri Reuter.
260 ## - PUBLICATION, DISTRIBUTION, ETC. (IMPRINT)
Place of publication, distribution, etc Thousand Oaks, Calif. ;
-- London :
Name of publisher, distributor, etc SAGE,
Date of publication, distribution, etc c2011.
300 ## - PHYSICAL DESCRIPTION
Extent 1 online resource (201 p.) :
Other physical details ill.
520 8# - SUMMARY, ETC.
Summary, etc The counselling model presented in this book goes beyond traditional approaches by equipping mental health practitioners with strength-centred techniques and interventions. It also provides graduate students in counsellor education programmes a foundation while working in an effective broad-application model of counselling. The authors offer a cutting-edge text that presents the counselling knowledge and skills needed to assist individuals and families with embracing life's struggles not only from a context of problems and adversity, but also of solutions, strengths, and wellness.
521 ## - TARGET AUDIENCE NOTE
Target audience note Specialized.
588 ## -
-- Description based on print version record.
504 ## - BIBLIOGRAPHY, ETC. NOTE
Bibliography, etc Includes bibliographical references and index.
650 #0 - SUBJECT ADDED ENTRY--TOPICAL TERM
Topical term or geographic name as entry element Humanistic counseling.
650 #0 - SUBJECT ADDED ENTRY--TOPICAL TERM
Topical term or geographic name as entry element Client-centered psychotherapy.
650 #0 - SUBJECT ADDED ENTRY--TOPICAL TERM
Topical term or geographic name as entry element Counseling.
655 #7 - INDEX TERM--GENRE/FORM
Genre/form data or focus term Electronic books.
Source of term local
700 1# - ADDED ENTRY--PERSONAL NAME
Personal name Reuter, Teri.
710 2# - ADDED ENTRY--CORPORATE NAME
Corporate name or jurisdiction name as entry element Sage eBooks
776 08 - ADDITIONAL PHYSICAL FORM ENTRY
Display text Print version :
International Standard Book Number 9781412973298
856 40 - ELECTRONIC LOCATION AND ACCESS
Uniform Resource Identifier <a href="http://ezproxy.alfaisal.edu/login?url=http://sk.sagepub.com/books/strength-centered-counseling">http://ezproxy.alfaisal.edu/login?url=http://sk.sagepub.com/books/strength-centered-counseling</a>
942 ## - ADDED ENTRY ELEMENTS (KOHA)
Source of classification or shelving scheme Library of Congress Classification
Koha item type eBooks

No items available.

Copyright © 2020 Alfaisal University Library. All Rights Reserved.
Tel: +966 11 2158948 Fax: +966 11 2157910 Email:
librarian@alfaisal.edu